| 000 | 00363nam a22001337a 4500 | ||
|---|---|---|---|
| 082 |
_a943.085 _bDAB _cD |
||
| 100 |
_a D" Abernon viscount _950230 |
||
| 245 |
_aAN AMBASSADOR OF PEACE _cviscount D" Abernon |
||
| 260 |
_ahoddetr and stoughton _blondon |
||
| 300 | _a332 p;:w | ||
| 526 |
_a0 _b0 _c0 _d943_085000000000000_DAB |
||
| 650 |
_aMCE _9379 |
||
| 942 |
_2ddc _cBK |
||
| 999 |
_c552955 _d552955 |
||